LIBRARY & INFORMATION CENTRE, KCAET, TAVANUR

ONLINE PUBLIC ACCESS CATALOGUE (OPAC)

Entrepreneurship development in food processing (Record no. 15565)

MARC details
000 -LEADER
fixed length control field 00372nam a22001457a 4500
003 - CONTROL NUMBER IDENTIFIER
control field OSt
008 - FIXED-LENGTH DATA ELEMENTS--GENERAL INFORMATION
fixed length control field 190516b ||||| |||| 00| 0 eng d
020 ## - INTERNATIONAL STANDARD BOOK NUMBER
ISBN 9789386546739
082 ## - DEWEY DECIMAL CLASSIFICATION NUMBER
Classification number 664.0068
Item number SUD/EN
100 ## - MAIN ENTRY--AUTHOR NAME
Personal name Sudheer, K P
245 ## - TITLE STATEMENT
Title Entrepreneurship development in food processing
260 ## - PUBLICATION, DISTRIBUTION, ETC. (IMPRINT)
Place of publication New Delhi
Name of publisher New india
Year of publication 2018
300 ## - PHYSICAL DESCRIPTION
Number of Pages 381 p.
942 ## - ADDED ENTRY ELEMENTS (KOHA)
Koha item type Books
Holdings
Withdrawn status Lost status Damaged status Collection code Home library Current library Shelving location Date acquired Cost, normal purchase price Full call number Accession Number Koha item type
      Non-fiction KAUAET KAUAET General Stacks 16/05/2019 3995.00 664.0068 SUD/EN 25778 Books
free website counter